| 000 | 00708nam a2200193 a 4500 | ||
|---|---|---|---|
| 005 | 20140412111300.0 | ||
| 008 | 010328s19uu xx 00 eng d | ||
| 020 | _a0-8273-5659-5 | ||
| 050 |
_aTR(GS 372.11'02 _bW69 1995 |
||
| 100 | _aWicker, Peggy E. | ||
| 245 |
_aThe ABC's of running an elementary classroom / _cPeggy E. Wicker ; Harriet Schultz. |
||
| 260 |
_aNew York : _bDelmar Publishers, _c1995. |
||
| 300 | _a445 p. | ||
| 500 | _aIncludes bibliographical references and index | ||
| 650 | _aElementary school teaching - Handbooks, manuals, etc. | ||
| 650 | _aClassroom management - Handbooks, manuals, etc. | ||
| 650 | _aElementary school teachers - Handbooks, manuals, etc. | ||
| 999 |
_c103359 _d103359 |
||